000 00275nam a2200097Ia 4500
001 710084
005 20250826162742.0
008 250824s9999 xx 000 0 und d
245 0 _aKUYRUKLUYILDIZ ALTINDA BİR İZDİVAÇ
_cHÜSEYİN RAHMİ GÜRPINAR
260 _bEVEREST YAYINLARI
999 _c710084
_d710084